Gaming Quiz

Random Gaming or Nintendo Quiz

Pokémon Trainer Classes (Gen I) Quiz Stats

 Plays Quiz not verified by Sporcle

Challenge
Share
Tweet
Embed
Score 0/28 Timer 05:00
2 Plays Today
Example Game Quote Trainer Class % Correct
I got up early every day to raise my Pokémon from cocoons!Bug Catcher
85.5%
Little kids should leave grown-ups alone!Rocket
77.6%
Yeah! I got a bite, here!Fisherman
76.3%
That look you gave me, it's so intriguing!Lass
75%
All right! Let's roll the dice!Gambler
72.1%
We ride out here because there's more room!Biker
71.1%
Hi! I like shorts! They're comfy and easy to wear!Youngster
69.7%
Does our unseen power scare you?Psychic
69.3%
Hey matey! Let's do a little jig!Sailor
68.3%
Help! I'm a Silph employee.Scientist
67.8%
I look at the sea to forget!Swimmer
67.6%
Bwahaha! Great! I was bored, eh!Hiker
67.3%
The truly talented win with style!Cooltrainer
66.2%
Oh no! My bag of loot!Burglar
63.2%
Example Game Quote Trainer Class % Correct
Careful! I'm laying down some cables!Engineer
56.6%
You pup! How dare you barge in!Gentleman
54.8%
The wind's blowing my way!Bird Keeper
54.4%
Oh, you're a little cutie!Beauty
53.7%
I found these fossils! They're both mine!Super Nerd
52.9%
Want to see my collection?PokéManiac
52.4%
Be cursed with me! Kwaaah!Channeler
49.6%
Dropped my balls!Juggler
46.4%
I break boulders for training!Blackbelt
45.1%
I'm a cool guy. I've got a girl friend!Jr. Trainer♂
44.2%
Electricity is my specialty!Rocker
41.6%
Me? Well, OK. I'll play!Jr. Trainer♀
40.6%
Come on! I'll whip you!Tamer
34.6%
Come out and play, little mouse!Cue Ball
33.5%

You're not logged in!

Compare scores with friends on all Sporcle quizzes.
OR
Log In

You Might Also Like...

Show Comments

Extras

Top Quizzes Today


Score Distribution

Your Account Isn't Verified!

In order to create a playlist on Sporcle, you need to verify the email address you used during registration. Go to your Sporcle Settings to finish the process.

Report this User

Report this user for behavior that violates our Community Guidelines.

Details: